Bony a myš ; Po stope novej topánky ; Starí mládenci z Broken Hillu (Record no. 20717)
[ view plain ]
| 000 -LEADER | |
|---|---|
| fixed length control field | 01904cam a2200457 a 4500 |
| 001 - CONTROL NUMBER | |
| control field | 20717 |
| 003 - CONTROL NUMBER IDENTIFIER | |
| control field | VRT |
| 005 - DATE AND TIME OF LATEST TRANSACTION | |
| control field | 20260130140743.0 |
| 008 - FIXED-LENGTH DATA ELEMENTS--GENERAL INFORMATION | |
| fixed length control field | 210928s1976 xo 0000f slo |
| 015 ## - NATIONAL BIBLIOGRAPHY NUMBER | |
| National bibliography number | SNBA1976 |
| 035 ## - SYSTEM CONTROL NUMBER | |
| System control number | SNK000113058 |
| 039 #9 - LEVEL OF BIBLIOGRAPHIC CONTROL AND CODING DETAIL [OBSOLETE] | |
| Level of rules in bibliographic description | 202507221404 |
| Level of effort used to assign nonsubject heading access points | AUTHORITY |
| Level of effort used to assign subject headings | 202109281605 |
| Level of effort used to assign classification | VLOAD |
| Level of effort used to assign subject headings | 202109161851 |
| Level of effort used to assign classification | VLOAD |
| Level of effort used to assign subject headings | 202107142204 |
| Level of effort used to assign classification | AUTHORITY |
| 040 ## - CATALOGING SOURCE | |
| Original cataloging agency | SNK |
| Language of cataloging | slo |
| Transcribing agency | SNK |
| Description conventions | AACR2 |
| 041 1# - LANGUAGE CODE | |
| Language code of text/sound track or separate title | slo |
| Language code of original | eng |
| 044 ## - COUNTRY OF PUBLISHING/PRODUCING ENTITY CODE | |
| MARC country code | xo |
| ISO country code | SK |
| 080 ## - UNIVERSAL DECIMAL CLASSIFICATION NUMBER | |
| Universal Decimal Classification number | 820(94)-3 Upfield, Arthur=854 |
| Edition identifier | 1981 |
| 100 1# - MAIN ENTRY--PERSONAL NAME | |
| Personal name | Upfield, Arthur, |
| Dates associated with a name | 1890-1964 |
| Relationship | aut |
| 245 10 - TITLE STATEMENT | |
| Title | Bony a myš ; Po stope novej topánky ; Starí mládenci z Broken Hillu |
| Statement of responsibility, etc. | Arthur Upfield ; preložili Miroslava Majerčíková, Gabriela Hanáková, Svetlana Marušiaková |
| 250 ## - EDITION STATEMENT | |
| Edition statement | 1. vyd. |
| 260 ## - PUBLICATION, DISTRIBUTION, ETC. | |
| Place of publication, distribution, etc. | Bratislava |
| Name of publisher, distributor, etc. | Slovenský spisovateľ |
| Date of publication, distribution, etc. | 1976 |
| Place of manufacture | Košice |
| Manufacturer | Východoslovenské tlačiarne |
| 300 ## - PHYSICAL DESCRIPTION | |
| Extent | 609, [3] s. |
| Dimensions | 21 cm |
| 490 1# - SERIES STATEMENT | |
| Series statement | Zelená knižnica |
| 655 #7 - INDEX TERM--GENRE/FORM | |
| Genre/form data or focus term | austrálske romány |
| Source of term | SNKPH |
| 655 #7 - INDEX TERM--GENRE/FORM | |
| Genre/form data or focus term | detektívne romány |
| Source of term | SNKPH |
| 700 1# - ADDED ENTRY--PERSONAL NAME | |
| Personal name | Majerčíková, Miroslava |
| Relationship | trl |
| 700 1# - ADDED ENTRY--PERSONAL NAME | |
| Personal name | Hanáková, Gabriela, |
| Dates associated with a name | 1927-2008 |
| Relationship | trl |
| 700 1# - ADDED ENTRY--PERSONAL NAME | |
| Personal name | Mrlianová-Marušiaková, Svetlana, |
| Dates associated with a name | 1945-1993 |
| Relationship | trl |
| 700 12 - ADDED ENTRY--PERSONAL NAME | |
| Personal name | Upfield, Arthur, |
| Dates associated with a name | 1890-1964 |
| Title of a work | Bony and the Mouse |
| Language of a work | Slovensky |
| 700 12 - ADDED ENTRY--PERSONAL NAME | |
| Personal name | Upfield, Arthur, |
| Dates associated with a name | 1890-1964 |
| Title of a work | The Clue of the New Shoe |
| Language of a work | Slovensky |
| 700 12 - ADDED ENTRY--PERSONAL NAME | |
| Personal name | Upfield, Arthur, |
| Dates associated with a name | 1890-1964 |
| Title of a work | The Bachelors |
| Language of a work | Slovensky |
| 740 02 - ADDED ENTRY--UNCONTROLLED RELATED/ANALYTICAL TITLE | |
| Uncontrolled related/analytical title | Po stope novej topánky |
| 740 02 - ADDED ENTRY--UNCONTROLLED RELATED/ANALYTICAL TITLE | |
| Uncontrolled related/analytical title | Starí mládenci z Broken Hillu |
| 830 #0 - SERIES ADDED ENTRY--UNIFORM TITLE | |
| Uniform title | Zelená knižnica |
| 942 ## - ADDED ENTRY ELEMENTS (KOHA) | |
| Source of classification or shelving scheme | Dewey Decimal Classification |
| Koha item type | Krásna literatúra pre dospelých |
| Suppress in OPAC | No |
| 949 ## - LOCAL PROCESSING INFORMATION (OCLC) | |
| 6 | 270001000505043 |
| a | svkbbA 7925-a |
| b | svkbbm 323316 |
| 949 ## - LOCAL PROCESSING INFORMATION (OCLC) | |
| a | svkpoA 104624 |
| b | svkpo240382 |
| s | 6721:20200602 |
| 949 ## - LOCAL PROCESSING INFORMATION (OCLC) | |
| 6 | 3830001081661 |
| a | kurukT1/UPFI1-1 |
| b | kuruk2013/F6191 |
| o | D2013/dar od Saleziánov |
| 949 ## - LOCAL PROCESSING INFORMATION (OCLC) | |
| 6 | 17A0038027 |
| 9 | P60, <05>, [BOOK], {605} |
| a | snkSC 39442 D1 |
| 949 ## - LOCAL PROCESSING INFORMATION (OCLC) | |
| 6 | 17A0985692 |
| a | snkSC 39442 |
| Stav vyradenia | Strata | Poškodenie | Spôsob nadobudnutia | Domovská knižnica | Aktuálna knižnica | Dátum nadobudnutia | Total checkouts | Čiarový kód exemplára | Date last seen | Typ exemplára |
|---|---|---|---|---|---|---|---|---|---|---|
| Dar | Obecná knižnica Horná Štubňa | Obecná knižnica Horná Štubňa | 30.01.2026 | 4736200857 | 30.01.2026 | Krásna literatúra pre dospelých |
